Top 20 Settlements in West Glamorgan (Map) Quiz Stats

Quiz not verified by Sporcle

Challenge
Share
Tweet
Score 0/20 Timer 05:00
0 Plays Today
% Correct
1. Swansea
97.1%
2. Neath
87.1%
3. Port Talbot
84.3%
5. Pontardawe
35.7%
7. Gowerton
31.4%
4. Gorseinon
30%
6. Pontarddulais
24.3%
10. Glynneath
24.3%
9. Loughor
14.3%
14. Resolven
14.3%
% Correct
8. Cwmavon
11.4%
13. Seven Sisters
11.4%
12. Gwaun-Cae-Gurwen
10%
16. Penclawdd
8.6%
19. Three Crosses
7.1%
20. Croeserw
7.1%
11. Murton
5.7%
15. Southgate
5.7%
18. Crynant
5.7%
17. Pontlliw
4.3%

You're not logged in!

Compare scores with friends on all Sporcle quizzes.
Join for Free
OR
Log In

You Might Also Like...

Show Comments

Extras

Top Quizzes Today


Score Distribution

Your Account Isn't Verified!

In order to create a playlist on Sporcle, you need to verify the email address you used during registration. Go to your Sporcle Settings to finish the process.

Report this User

Report this user for behavior that violates our Community Guidelines.

Details: